| 000 | 00364cam a2200133Ia 4500 | ||
|---|---|---|---|
| 082 |
_a940.54 _bGRA |
||
| 100 | 1 |
_aGraves, Phlip _950048 |
|
| 245 | 1 | 4 |
_aThe fifth quarter _cPhilip, Graves. |
| 260 |
_aLondon _bHutcbinson co ltd _c1940 |
||
| 300 |
_aviii, 340 p., _bill, _c23 cm. |
||
| 526 |
_a0 _b0 _c0 _d940_540000000000000_GRA |
||
| 650 |
_aMCE _9379 |
||
| 942 |
_2ddc _cBK |
||
| 999 |
_c552788 _d552788 |
||